000 00537nam a22001697a 4500
003 macl
005 20160114121248.0
008 160114b xxu||||| |||| 00| 0 eng d
040 _cmacl
041 _aHindi
082 _a385
100 _aइॉ. लाल एवं जैन
_931848
245 _aरेलवे भर्ती बोई सूपरवाइजर पी. वे
260 _aअागरा
_bउपकार प्रकाशन
650 _aरेलवे परीक्षा
_931563
942 _2ddc
_cHIN
999 _c52172
_d52172